000 00432nam a22001697a 4500
005 20160518111715.0
008 160518b xxu||||| |||| 00| 0 eng d
020 _a81-203-2384-X
041 _aeng
082 _b2821
100 _aStallings, William Slykes Richard Van
_9744
245 _aBusiness Data Communicaiton
260 _aNew Delhi
_bPrentice hall of India,
300 _a610
650 _aManagement
_9241
942 _cBK
999 _c1000
_d1000